000 00718nam a22001937a 4500
999 _c169574
_d169574
005 20191125123156.0
010 _aUR-10613
020 _c250.00
_a9789384255565
035 _aU-9168
037 _bDBAD/PUB
_a-
082 _a840.08
100 _aا يم ا ے قد ير
245 _aکہکشا ں ا د ب (تنقيد ی و تجز يا تی مطا لعہ)
_cا يم ا ے قد ير
246 _bKahkashan-e-Adab(Tanqeedi wa Tajzyati Mutallya) (Urdu)
_aby Dr.M,A.Qadeer
260 _aDelhi
_bEducational Publishing House
_c2018 ء
270 _a3191,Vakil Street, Kucha Pandit,Lal Kuan,
_bDelhi
_e110006
_k01123216162
_l-
300 _a184 ص
_c22 Cm(Hb)
942 _2ddc
_cUR
_h840.08
_mق د ی